A magyar időszemlélet és annak hatása a gazdasági együttműködésekre és a munkafolyamatokra
| Main Author: | |
|---|---|
| Other Authors: | |
| Format: | Students’ Scientific Association paper |
| Kulcsszavak: | gazdasági együttműködés gazdaságpszichológia időszemlélet interkulturális kommunikáció interkulturális menedzsment munkafolyamatok |
| Online Access: | http://dolgozattar.uni-bge.hu/57905 |
MARC
| LEADER | 00000nta a2200000 i 4500 | ||
|---|---|---|---|
| 001 | dolg57905 | ||
| 005 | 20250923115620.0 | ||
| 008 | 250923suuuu hu o 000 hun d | ||
| 040 | |a BGE Dolgozattár Repozitórium |b hun | ||
| 041 | |a hu | ||
| 100 | 1 | |a Szűcs Nikolett | |
| 245 | 1 | 2 | |a A magyar időszemlélet és annak hatása a gazdasági együttműködésekre és a munkafolyamatokra |c Szűcs Nikolett |h [elektronikus dokumentum] |
| 516 | |a Students_Scientific_Association_paper | ||
| 520 | 3 | |a A kutatás célja a magyar időszemlélet átfogó vizsgálata, különösen annak a gazdasági együttműködésekre és a munkafolyamatokra gyakorolt hatásának azonosítása. Bár számos nemzetközi tanulmány született más országok időszemléletének feltárására, Magyarország esetében még nem készült olyan empirikus kutatás, amely a magyar társadalom időhöz való viszonyát gazdasági szempontok figyelembevételével vizsgálta volna, így jelen kutatás hiánypótlónak tekinthető. A magyar időnormák megismerése nemcsak a vezetők számára nyújthat hasznos útmutatást a hatékonyabb munkafolyamatok kialakításában, hanem kulcsfontosságú lehet a nemzetközi és szubkulturális együttműködések optimalizálásában is. A tanulmány a kvantitatív kutatási paradigma keretein belül kérdőíves módszerrel (n=1225) tárja fel azokat a tényezőket (pl. életkor, nem, munkahelyen betöltött pozíció), melyek hatással lehetnek az időkezelésére, azon belül is a pontosság és a késés megítélésére. Az eredmények alapján megállapítható, hogy Magyarországon a pontossággal kapcsolatos időnormák egyén- és szituációfüggők, vagyis nincs széles körű konszenzus a késés meghatározását illetően. Mivel a pontosságágra vonatkozó időnormák homályosak, azok szándékolatlan megsértése nemcsak interkulturális környezetben, hanem szervezeten belül is konfliktusokat okozhat. Az adatok elemzésének tükrében az is kijelenthető, hogy a magyar gondolkodásmód erősen óraközpontú, vagyis a késés megítélésénél az óra által mutatott idő sokkal fontosabb szerepet játszik, mint a felmerülő körülmények. Ez többek között arra is hatással van, hogy időmenedzsment szempontjából a magyar gazdasági szereplők számára mely kultúrákkal gördülékenyebb az együttműködés. | |
| 695 | |a gazdasági együttműködés | ||
| 695 | |a gazdaságpszichológia | ||
| 695 | |a időszemlélet | ||
| 695 | |a interkulturális kommunikáció | ||
| 695 | |a interkulturális menedzsment | ||
| 695 | |a munkafolyamatok | ||
| 700 | 1 | |a Fajt Dr. Balázs |e ths | |
| 856 | 4 | 0 | |u http://dolgozattar.uni-bge.hu/57905/1/Szucs_Nikolett_PSZK.pdf |z Dokumentum-elérés |
| 856 | 4 | 0 | |u http://dolgozattar.uni-bge.hu/57905/2/Szucs_Nikolett_Hozzajarulasi.pdf |z Dokumentum-elérés |
| 856 | 4 | 0 | |u http://dolgozattar.uni-bge.hu/57905/3/Szucs_Nikolet_PSZK.docx |z Dokumentum-elérés |
| 856 | 4 | 0 | |u http://dolgozattar.uni-bge.hu/57905/4/05_Dolgozat_biralati_lap_2024_HU%20%C3%9AJ%20LOGO_Szucs_Nikolett.pdf |z Dokumentum-elérés |
| 856 | 4 | 0 | |u http://dolgozattar.uni-bge.hu/57905/5/Szu%CC%8Bcs_Nikolett_Dolgozat_biralati_lap_2024.pdf |z Dokumentum-elérés |